| 000 | 00738nam a22002177a 4500 | ||
|---|---|---|---|
| 005 | 20150507160754.0 | ||
| 008 | 140714b xxu||||| |||| 00| 0 Urdu d | ||
| 010 | _aUR-8860 | ||
| 020 | _c145.00 | ||
| 035 | _aU-7414 | ||
| 037 | _bBPPD/Pub/Ven | ||
| 040 |
_aDPL _bUrdu |
||
| 082 | _a 844 | ||
| 100 | _aيس گلز ا ر ا حمد | ||
| 245 |
_aحيا ت ا نسا نی ا فکا ر نو کی نظر سے _cيس گلز ا ر ا حمد |
||
| 246 |
_aHyate InsaniAfkae Nav ki Nazar Se _bBy S.Gulzar Ahmed |
||
| 260 |
_bRemarkable Publications _c2013 _aBengalore |
||
| 270 |
_a54/2, 28Th Main 9th Block,Jaynagar _bBengalore _k9845417991 _e560004 |
||
| 300 |
_a175ص _c22Cm (Hb) |
||
| 942 |
_2ddc _cUR _e _h844 _mے س گ |
||
| 999 |
_c93400 _d93400 |
||